Baby Names: Girls (1960s) Quiz Stats

Quiz Updated Jan 28, 2013

Challenge
Share
Tweet
Embed
Score 0/100 Timer 10:00
1 Play Today
Rank Name % Correct
2Mary
92.3%
60Ann
88.8%
17Elizabeth
86.1%
80Anne
81.6%
3Susan
80.2%
56Catherine
79.8%
92Jane
79.5%
77Katherine
77.7%
20Jennifer
77%
95Anna
76.3%
90Sarah
75%
16Laura
74.4%
38Carol
74.1%
1Lisa
73.9%
7Linda
73.1%
6Patricia
72.3%
49Maria
72.1%
53Margaret
71.6%
21Barbara
68.5%
18Julie
68.1%
27Christine
67.9%
4Karen
67.8%
9Michelle
65.7%
12Deborah
64.9%
47Janet
63.7%
26Nancy
63.5%
36Diane
63.2%
72Christina
62.9%
41Rebecca
62.6%
35Amy
62.4%
8Donna
61.2%
63Diana
59.8%
40Kathy
59.1%
66Beth
58.9%
Rank Name % Correct
23Sharon
57.9%
11Sandra
57.8%
33Melissa
57%
43Kim
55.8%
42Theresa
55.4%
24Debra
55.2%
45Stephanie
54.5%
5Kimberly
54.1%
76Cathy
53.6%
32Kathleen
53.5%
57Carolyn
53.4%
30Kelly
53.4%
14Pamela
52.3%
19Brenda
52.1%
54Paula
52%
25Teresa
51.5%
22Angela
51.3%
10Cynthia
50.6%
78Judy
50.5%
68Janice
49.9%
48Wendy
49.8%
52Debbie
49.6%
88Kathryn
49.1%
65Suzanne
48.9%
15Lori
48.6%
46Cindy
48.3%
51Jacqueline
48.1%
74Lynn
47.7%
67Andrea
47.2%
28Cheryl
47%
99Judith
46.5%
29Denise
46%
31Tina
45.8%
61Jill
44.9%
Rank Name % Correct
94Martha
44.8%
39Tracy
42.4%
58Laurie
41.6%
13Tammy
40.7%
86Monica
39.2%
69Valerie
39%
55Sherry
38.3%
73Gina
37%
71Leslie
36.7%
37Dawn
36.3%
44Rhonda
36.1%
87Bonnie
36.1%
79Carla
35.9%
82Dana
34.8%
50Michele
34.8%
83Joyce
34.6%
62Connie
34.3%
81Wanda
34.1%
59Sheila
33.1%
34Robin
33%
85Beverly
30.2%
64Terri
30.2%
98Tracey
30%
97Vicki
29.1%
70Renee
28.3%
75Annette
28.1%
100Tamara
28%
91Darlene
28%
96Colleen
27.3%
89Anita
26.8%
93Sherri
23.8%
84Regina
22.1%

You're not logged in!

Compare scores with friends on all Sporcle quizzes.
Sign Up with Email
OR
Log In

You Might Also Like...

Show Comments

Extras

Top Quizzes Today


Score Distribution

Your Account Isn't Verified!

In order to create a playlist on Sporcle, you need to verify the email address you used during registration. Go to your Sporcle Settings to finish the process.